000 00366nam a2200145Ia 4500
008 150201s2007 xx 000 0 und d
082 _a617.692
_bO2007S
100 _aSANTOS,JOSE
245 _aOCCLUSION PRINCIPLES & TREATMENT
250 _a1ST
260 _bQUINTESSENCE PUBLICATION
_aDELHI
_c2007
300 _a1-232
650 _aPROSTHODONTICS
942 _2ddc
_cBK
999 _c4594
_d4594